000 00765nam a22002534a 4500
001 UByD004193
003 AR-LpoUNG
005 20260108124925.0
008 250917s2023 ag go 000 1aspa d
040 _aAR-LpoUNG
_bspa
_cAR-LpoUNG
_eaacr
041 0 _aspa
082 0 _aA863 216sin
100 1 _aFantin, Sol
245 1 0 _aSi no fueras tan niña :
_bmemorias de la violencia
250 _a1ra. ed.
260 _aBuenos Aires :
_bPaidós,
_c2023.
300 _a347 p.
490 0 _aIdentidades bonaerenses
650 4 _aLiteratura argentina
650 4 _aBiografías
653 0 _aMemorias
942 _2ddc
_cLIB
999 _c67184
_d67184